Kuvavisa: Aasian suurimmat Y:llä alkavat kaupungit - Statistics

Yleistilastot
  • Tätä visaa on pelattu 8 kertaa
  • Keskiarvotulos 6 / 16
Vastaustilastot
Kuvavisa Hint Vastaus % Oikein
🇲🇲 4 730 000 Yangon
100%
🇨🇳 860 000 Yángjiāng
67%
🇨🇳 1 660 000 Yínchuān
67%
🇨🇳 880 000 Yùlín
67%
🇨🇳 3 840 000 Ürümqi
33%
🇨🇳 2 070 000 Yángzhōu
33%
🇨🇳 2 310 000 Yāntái
33%
🇨🇳 1 100 000 Yíbīn
33%
🇨🇳 1 280 000 Yíchāng
33%
🇨🇳 890 000 Yíxīng
33%
🇰🇷 920 000 Yongin
33%
🇨🇳 1 130 000 Yuèyáng
33%
🇨🇳 1 010 000 Yúyáo
33%
🇨🇳 1 350 000 Yánchéng
0%
🇨🇳 1 480 000 Yìwū
0%
🇨🇳 950 000 Yuèqīng
0%
Ehtoja vastaavia visoja ei löytynyt
Tulosjakauma
Jokaisen tuloksen saaneiden osuus
Persentiili vastausten määrän mukaan
Tuloshistoriasi
Et ole pelannut tätä visaa